<?xml version="1.0" encoding="UTF-8"?>
<record
    xmlns:xsi="http://www.w3.org/2001/XMLSchema-instance"
    xsi:schemaLocation="http://www.loc.gov/MARC21/slim http://www.loc.gov/standards/marcxml/schema/MARC21slim.xsd"
    xmlns="http://www.loc.gov/MARC21/slim">

  <leader>00865nam a22002295i 4500</leader>
  <controlfield tag="001">166736</controlfield>
  <controlfield tag="003">ES-MaACL</controlfield>
  <controlfield tag="005">20230906213406.0</controlfield>
  <controlfield tag="008">050920q1886    fr a   | |||||||| ||fre d</controlfield>
  <datafield tag="100" ind1="1" ind2=" ">
    <subfield code="a">Twain, Mark.</subfield>
    <subfield code="9">111791</subfield>
  </datafield>
  <datafield tag="245" ind1="1" ind2="4">
    <subfield code="a">Les aventures de Huck Finn, l'ami de Tom Sawyer / </subfield>
    <subfield code="c">Mark Twain ; traduit par William-L-Hughes ; illustrations par Achille Sirouy.</subfield>
  </datafield>
  <datafield tag="260" ind1=" " ind2=" ">
    <subfield code="a">Paris : </subfield>
    <subfield code="b">A. Hennuyer, </subfield>
    <subfield code="c">[ca. 1886]</subfield>
  </datafield>
  <datafield tag="300" ind1=" " ind2=" ">
    <subfield code="a">276 p. : </subfield>
    <subfield code="b">il. ; </subfield>
    <subfield code="c">24 cm.</subfield>
  </datafield>
  <datafield tag="490" ind1="1" ind2=" ">
    <subfield code="a">Biblioth&#xE8;que nouvelle de la jeunesse</subfield>
  </datafield>
  <datafield tag="596" ind1=" " ind2=" ">
    <subfield code="a">Seg&#xFA;n la BLPC impreso ca. 1886.</subfield>
  </datafield>
  <datafield tag="700" ind1="1" ind2=" ">
    <subfield code="a">Hughes, William Little (</subfield>
    <subfield code="d">1822-1887)</subfield>
    <subfield code="9">172310</subfield>
  </datafield>
  <datafield tag="700" ind1="1" ind2=" ">
    <subfield code="a">Sirouy, Achille.</subfield>
    <subfield code="9">106683</subfield>
  </datafield>
  <datafield tag="700" ind1="1" ind2=" ">
    <subfield code="a">Hennuyer, A.</subfield>
    <subfield code="9">127854</subfield>
  </datafield>
  <datafield tag="830" ind1="1" ind2=" ">
    <subfield code="a">Biblioth&#xE8;que nouvelle de la jeunesse</subfield>
    <subfield code="9">188627</subfield>
  </datafield>
  <datafield tag="852" ind1=" " ind2=" ">
    <subfield code="a">ES-MaACL</subfield>
    <subfield code="j">C-2429   </subfield>
    <subfield code="z">- Enc. hol., conservando cub. original</subfield>
  </datafield>
  <datafield tag="999" ind1=" " ind2=" ">
    <subfield code="c">166736</subfield>
    <subfield code="d">166736</subfield>
  </datafield>
  <datafield tag="952" ind1=" " ind2=" ">
    <subfield code="0">0</subfield>
    <subfield code="1">0</subfield>
    <subfield code="4">0</subfield>
    <subfield code="7">0</subfield>
    <subfield code="8">LIBXIX</subfield>
    <subfield code="a">ATENEOM</subfield>
    <subfield code="b">ATENEOM</subfield>
    <subfield code="c">SPAL</subfield>
    <subfield code="d">2008-01-17</subfield>
    <subfield code="e">SSC</subfield>
    <subfield code="l">0</subfield>
    <subfield code="o">C-2429</subfield>
    <subfield code="p">1174870</subfield>
    <subfield code="r">2023-02-23 00:00:00</subfield>
    <subfield code="w">2023-02-23</subfield>
    <subfield code="y">MONANT</subfield>
  </datafield>
</record>
